New Civil Engineer (Record no. 118669)

MARC details
000 -LEADER
fixed length control field 00554cas a22002175a 4500
001 - CONTROL NUMBER
control field L99124
008 - FIXED-LENGTH DATA ELEMENTS--GENERAL INFORMATION
fixed length control field 070705c1972 xxkwr p 0 a0eng
022 1# - INTERNATIONAL STANDARD SERIAL NUMBER
International Standard Serial Number 0307-7683
035 ## - SYSTEM CONTROL NUMBER
System control number (Sirsi) u99124
041 0# - LANGUAGE CODE
Language code of text/sound track or separate title eng
110 2# - MAIN ENTRY--CORPORATE NAME
Corporate name or jurisdiction name as entry element Institution of Civil Engineers
9 (RLIN) 1402
240 ## - UNIFORM TITLE
Uniform title NCE
245 00 - TITLE STATEMENT
Title New Civil Engineer
260 ## - PUBLICATION, DISTRIBUTION, ETC.
Place of publication, distribution, etc. London
Name of publisher, distributor, etc. Emap
Date of publication, distribution, etc. 1972-
520 ## - SUMMARY, ETC.
Summary, etc. Kept for one year
651 #4 - SUBJECT ADDED ENTRY--GEOGRAPHIC NAME
Geographic name United Kingdom
690 ## - LOCAL SUBJECT ADDED ENTRY--TOPICAL TERM (OCLC, RLIN)
Topical term or geographic name as entry element BUILT ENVIRONMENT-ENGINEERING
856 48 - ELECTRONIC LOCATION AND ACCESS
Uniform Resource Identifier <a href="https://www.nceplus.co.uk/">https://www.nceplus.co.uk/</a>
942 ## - ADDED ENTRY ELEMENTS (KOHA)
Suppress in OPAC 0
Source of classification or shelving scheme Dewey Decimal Classification
948 ## - LOCAL PROCESSING INFORMATION (OCLC); SERIES PART DESIGNATOR (RLIN)
c (OCLC) 18/02/1994
Holdings
Withdrawn status Lost status Source of classification or shelving scheme Damaged status Not for loan Home library Current library Shelving location Date acquired Total Checkouts Full call number Barcode Date last seen Price effective from Koha item type
    Other/Generic Classification Scheme     London London Gallery 26/04/2005   NEW CIVIL ENGINEER 99124-1001 06/08/2019 06/08/2019 Journal